Movies Quiz

Random Movies or Role Quiz

Somewhere in the Middle (Movies) Quiz Stats

 Plays Quiz Updated Aug 4, 2017

Support Sporcle.
Go Orange.
Score 0/20 Timer 01:30
1 Play Today
% Correct
Be
97.6%
Jack
97.3%
Side
97.2%
Private
97.1%
James
96.9%
Morning
96.7%
Vs.
94.9%
Bob
94.2%
Seymour
92%
Prefer
91.7%
% Correct
Actors
90.6%
Judi
90.4%
Family
89.1%
Ford
88.9%
Goldwyn
85.8%
Hero
85.5%
Line
83.6%
Foreign
77.3%
Cinematic
75%
Moff
73.7%

You're not logged in!

Compare scores with friends on all Sporcle quizzes.
OR
Log In
Forgot?

From the Vault

World Leaders by Century

by khands

Why do world leaders look so grumpy all the time? You don't have to drive yourself anywhere at all. Think about that.
Remove Ads.
Support Sporcle.
Get the best of Sporcle when you Go Orange. This ad-free experience offers more features, more stats, and more fun while also helping to support Sporcle. Thank you for becoming a member.

Show Comments

Extras

Top Quizzes Today


Score Distribution

Your Account Isn't Verified!

In order to create a playlist on Sporcle, you need to verify the email address you used during registration. Go to your Sporcle Settings to finish the process.

Report this User

Report this user for behavior that violates our Community Guidelines.

Details: